AH International Schools' Libraries

What the ladybird heard at the zoo / (Record no. 49602)

MARC details
000 -LEADER
fixed length control field 01215nam a2200157 4500
020 ## - INTERNATIONAL STANDARD BOOK NUMBER
International Standard Book Number 9781035049189
100 ## - MAIN ENTRY--PERSONAL NAME
Personal name Donaldson, Julia,
Relator term author.
9 (RLIN) 45441
245 ## - TITLE STATEMENT
Title What the ladybird heard at the zoo /
Statement of responsibility, etc by Julia Donaldson, Illustrated by Lydia Monks.
260 ## - PUBLICATION, DISTRIBUTION, ETC. (IMPRINT)
Place of publication, distribution, etc London:
Name of publisher, distributor, etc Macmillan Children's
Date of publication, distribution, etc 2025.
300 ## - PHYSICAL DESCRIPTION
Extent 32 pages.
490 ## - SERIES STATEMENT
Series statement What the ladybird heard
500 ## - GENERAL NOTE
General note Synopsis<br/>Join in the fun at the zoo with this brilliantly funny rhyming adventure from the stellar picture book partnership of Julia Donaldson and Lydia Monks, packed full of favourite animals!<br/><br/>***Previously published as What the Ladybird Heard on Holiday***<br/><br/>The two thieves Lanky Len and Hefty Hugh are planning to steal a monkey from the zoo - and then use him to pinch the Queen's crown! Luckily a certain crime-busting ladybird is holidaying in the very same city . . . and she and her animal friends have got a plan . . .<br/><br/>Enjoy more adventures with the clever little ladybird in What the Ladybird Heard, What the Ladybird Heard Next, What the Ladybird Heard at the Seaside and What the Ladybird Heard at Christmas.
650 ## - SUBJECT ADDED ENTRY--TOPICAL TERM
9 (RLIN) 83352
Topical term or geographic name as entry element Story Rhymes
650 #4 - SUBJECT ADDED ENTRY--TOPICAL TERM
9 (RLIN) 46707
Topical term or geographic name as entry element Thieves
Form subdivision Juvenile fiction.
942 ## - ADDED ENTRY ELEMENTS (KOHA)
Source of classification or shelving scheme
Koha item type Book
Holdings
Withdrawn status Lost status Source of classification or shelving scheme Damaged status Not for loan Home library Current library Date acquired Total Checkouts Full call number Barcode Date last seen Date checked out Price effective from Koha item type
          Logos International School Logos International School 10/02/2025 3 E DON 041771 04/20/2026 04/03/2026 10/02/2025 Book

For any Logos Library related questions please contact Miss Art at swongnarasuk@asianhope.org.

For any Asian Hope Library related questions please contact Miss Raza at graza@asianhope.org.

Click here to explore our ebooks!

Powered by Koha